Acteurs et actrices en photo (aléatoire) - Statistiques

Statistiques générales
  • Ce quiz a été pris 433 fois
    378 depuis la dernière actualisation
  • Le résultat moyen est 7 sur 20
Statistiques - réponses
Par images Réponse % Correct
Artus
100%
Audrey Fleurot
100%
Brad Pitt
100%
Bruce Willis
100%
Catherine Zeta-Jones
100%
Coluche
100%
Daniel Auteuil
100%
Florence Pugh
100%
François Civil
100%
Gérard Depardieu
100%
Jackie Chan
100%
Jean Dujardin
100%
Jean Marais
100%
Jim Carrey
100%
J.K. Simmons
100%
Kad Merad
100%
Kristen Stewart
100%
Laetitia Casta
100%
Leonardo DiCaprio
100%
Liam Neeson
100%
Margot Robbie
100%
Marilyn Monroe
100%
Marion Cotillard
100%
Natalie Portman
100%
Nicolas Cage
100%
Omar Sy
100%
Pierre Niney
100%
Tobey Maguire
100%
Valérie Lemercier
100%
Vincent Cassel
100%
Winona Ryder
100%
Élie Semoun
91%
Will Smith
89%
Camille Cottin
88%
Kev Adams
88%
Louis de Funès
88%
Tom Holland
88%
Gérard Jugnot
86%
Robert Downey Jr.
86%
Timothée Chalamet
86%
Angelina Jolie
83%
Christian Bale
83%
Emma Watson
83%
Tom Cruise
83%
Adèle Exarchopoulos
80%
Andrew Garfield
80%
Daniel Craig
80%
Guillaume Canet
80%
Jean-Paul Belmondo
80%
Jonathan Cohen
80%
Josiane Balasko
80%
Philippe Lacheau
80%
Charlie Chaplin
78%
Alain Delon
75%
Cillian Murphy
75%
Gad Elmaleh
75%
Heath Ledger
75%
Jared Leto
75%
Jean-Paul Rouve
75%
Jennifer Aniston
75%
John Travolta
75%
José Garcia
75%
Keanu Reeves
75%
Marie-Anne Chazel
75%
Raphaël Quenard
75%
Tom Hanks
75%
Bruce Lee
71%
Didier Bourdon
71%
Nicole Kidman
71%
Romain Duris
71%
Samuel L. Jackson
71%
Johnny Depp
70%
Dwayne Johnson
69%
Alexandra Lamy
67%
Alex Lutz
67%
Brigitte Bardot
67%
Ethan Hawke
67%
Grace Kelly
67%
Hugh Grant
67%
Hugh Jackman
67%
Jamel Debbouze
67%
Jean Gabin
67%
Julia Roberts
67%
Lambert Wilson
67%
Louis Garrel
67%
Marlon Brando
67%
Pio Marmaï
67%
Ryan Gosling
67%
Sean Penn
67%
Tom Hardy
67%
Virginie Efira
67%
Emma Stone
64%
Tarek Boudali
64%
Cate Blanchett
63%
Woody Allen
63%
Agnès Jaoui
60%
Alain Chabat
60%
André Dussollier
60%
Bernard Campan
60%
Christian Clavier
60%
François Damiens
60%
Joaquin Phoenix
60%
Laurent Lafitte
60%
Mathieu Kassovitz
60%
Monica Bellucci
60%
Scarlett Johansson
60%
Jessica Alba
58%
Ben Affleck
57%
Bourvil
57%
Daniel Radcliffe
57%
Jack Nicholson
57%
Jacques Villeret
57%
Matt Damon
57%
Robin Williams
57%
Kate Winslet
56%
Robert De Niro
56%
Ryan Reynolds
56%
Ahmed Sylla
50%
Anne Hathaway
50%
Anouk Aimée
50%
Anthony Hopkins
50%
Audrey Lamy
50%
Benedict Cumberbatch
50%
Bill Murray
50%
Bryan Cranston
50%
Cameron Diaz
50%
Catherine Deneuve
50%
Charlotte Gainsbourg
50%
Dany Boon
50%
Franck Dubosc
50%
Glenn Close
50%
Idris Elba
50%
Isabelle Nanty
50%
Jean-Claude Van Damme
50%
Jean-Pierre Bacri
50%
Jennifer Lawrence
50%
Jude Law
50%
Kevin Spacey
50%
Louis Jouvet
50%
Marina Foïs
50%
Mark Wahlberg
50%
Matthew McConaughey
50%
Mel Gibson
50%
Meryl Streep
50%
Michael J. Fox
50%
Michael Keaton
50%
Michel Blanc
50%
Morgan Freeman
50%
Penélope Cruz
50%
Robert Pattinson
50%
Sandra Bullock
50%
Sigourney Weaver
50%
Simone Signoret
50%
Sylvester Stallone
50%
Thierry Lhermitte
50%
Warren Beatty
50%
Yves Montand
50%
Clovis Cornillac
44%
Orlando Bloom
44%
Sophie Marceau
44%
Uma Thurman
44%
Christopher Lee
43%
Edward Norton
43%
Gaspard Ulliel
43%
Gilles Lellouche
43%
Jodie Foster
43%
Juliette Binoche
43%
Oscar Isaac
43%
Salma Hayek
43%
Sandrine Kiberlain
43%
Adam Driver
40%
Anémone
40%
Catherine Frot
40%
Eddie Murphy
40%
Gary Oldman
40%
Halle Berry
40%
Jason Statham
40%
Javier Bardem
40%
John Wayne
40%
Laurence Fishburne
40%
Léa Seydoux
40%
Michael Madsen
40%
Ralph Fiennes
40%
Russell Crowe
40%
Vincent Lacoste
40%
Chris Pratt
38%
Édouard Baer
38%
Jack Black
38%
Jacques Tati
38%
Tomer Sisley
38%
Benoît Poelvoorde
33%
Ben Stiller
33%
Bradley Cooper
33%
Chantal Lauby
33%
Christopher Reeve
33%
Colin Firth
33%
Emmanuelle Béart
33%
Fernandel
33%
Gal Gadot
33%
Harrison Ford
33%
Henry Cavill
33%
Jake Gyllenhaal
33%
Jamie Foxx
33%
Jean Lefebvre
33%
Jean-Pierre Marielle
33%
Jean Seberg
33%
Jessica Chastain
33%
Joseph Gordon-Levitt
33%
Julianne Moore
33%
Mathieu Amalric
33%
Mathilde Seigner
33%
Michèle Laroque
33%
Sean Connery
33%
Steve McQueen
33%
Susan Sarandon
33%
Willem Dafoe
33%
Zendaya
33%
Christophe Lambert
31%
Karin Viard
30%
Yolande Moreau
30%
Albert Dupontel
29%
François Cluzet
29%
Humphrey Bogart
29%
Isabelle Adjani
29%
Jeff Goldblum
29%
Jeremy Renner
29%
Patrick Dewaere
29%
Paul Dano
29%
Ronald Reagan
29%
Amy Adams
25%
Barbra Streisand
25%
Benicio del Toro
25%
Benoît Magimel
25%
Charlize Theron
25%
Daniel Day-Lewis
25%
Denzel Washington
25%
Eva Green
25%
Fred Astaire
25%
George Clooney
25%
Isabelle Huppert
25%
James Stewart
25%
Jason Schwartzman
25%
Jennifer Connelly
25%
Joe Pesci
25%
Keira Knightley
25%
Klaus Kinski
25%
Laure Calamy
25%
Martin Sheen
25%
Mélanie Laurent
25%
Michael Douglas
25%
Michel Galabru
25%
Mireille Darc
25%
Pedro Pascal
25%
Pierre Richard
25%
Sam Neill
25%
Sandra Hüller
25%
Sergi López
25%
Steve Carell
25%
Tommy Lee Jones
25%
Val Kilmer
25%
Vincent Lindon
25%
Vittorio Gassman
25%
Dustin Hoffman
22%
Ian McKellen
22%
Lee Van Cleef
22%
Miou-Miou
22%
Rachel McAdams
22%
Adrien Brody
20%
Audrey Tautou
20%
Charles Bronson
20%
Colin Farrell
20%
Fabrice Luchini
20%
Gene Hackman
20%
Gérard Lanvin
20%
Gian Maria Volonté
20%
Isabelle Carré
20%
James Franco
20%
Jean Rochefort
20%
Jeff Bridges
20%
Katharine Hepburn
20%
Kurt Russell
20%
Laura Dern
20%
Lee Byung-hun
20%
Michael Caine
20%
Naomi Watts
20%
Nathalie Baye
20%
Omar Sharif
20%
Patrick Timsit
20%
Philippe Noiret
20%
Robert Mitchum
20%
Romy Schneider
20%
Sabine Azéma
20%
Sidney Poitier
20%
Al Pacino
17%
Ana de Armas
17%
Bérénice Bejo
17%
Christopher Lloyd
17%
Danny DeVito
17%
Élodie Fontan
17%
Emma Thompson
17%
Forest Whitaker
17%
Gérard Darmon
17%
Kevin Costner
17%
Laurence Olivier
17%
Mads Mikkelsen
17%
Natalie Wood
17%
Owen Wilson
17%
Peter O'Toole
17%
Pierce Brosnan
17%
Pierre Brasseur
17%
Ray Liotta
17%
Reda Kateb
17%
Richard Gere
17%
Sharon Stone
17%
Taron Egerton
17%
Whoopi Goldberg
17%
Zooey Deschanel
17%
Alec Guinness
14%
Audrey Hepburn
14%
Diane Kruger
14%
Frances McDormand
14%
Jacques Perrin
14%
Jessica Lange
14%
Lino Ventura
14%
Mark Ruffalo
14%
Max von Sydow
14%
Michael Fassbender
14%
Michelle Pfeiffer
14%
Niels Arestrup
14%
Roschdy Zem
14%
Alan Rickman
13%
Annie Girardot
13%
Burt Lancaster
13%
Carey Mulligan
13%
Claude Brasseur
13%
Eli Wallach
13%
Émilie Dequenne
13%
James Dean
13%
Kathy Bates
13%
Kevin Bacon
13%
Kirsten Dunst
13%
Marcello Mastroianni
13%
Matt Dillon
13%
Michel Piccoli
13%
Sally Field
13%
William Holden
13%
Choi Min-sik
11%
Eddie Redmayne
11%
Gene Kelly
11%
Mahershala Ali
11%
Rowan Atkinson
11%
Françoise Dorléac
10%
Roy Scheider
10%
Adèle Haenel
0%
Anaïs Demoustier
0%
Anjelica Huston
0%
Anna Karina
0%
Anna Magnani
0%
Anne Bancroft
0%
Antonio Banderas
0%
Arletty
0%
Arnold Schwarzenegger
0%
Barbara Stanwyck
0%
Béla Lugosi
0%
Ben Kingsley
0%
Bernard Blier
0%
Bette Davis
0%
Bruno Ganz
0%
Buster Keaton
0%
Cary Grant
0%
Casey Affleck
0%
Cécile de France
0%
Charles Vanel
0%
Charlton Heston
0%
Chow Yun-Fat
0%
Chris Evans
0%
Christopher Walken
0%
Christoph Waltz
0%
Clark Gable
0%
Claudette Colbert
0%
Claudia Cardinale
0%
Clint Eastwood
0%
Danielle Darrieux
0%
David Morse
0%
Denis Ménochet
0%
Dev Patel
0%
Diane Keaton
0%
Djimon Hounsou
0%
Ed Harris
0%
Elizabeth Taylor
0%
Ellen Burstyn
0%
Elsa Zylberstein
0%
Emily Blunt
0%
Emmanuelle Riva
0%
Eva Mendes
0%
Ewan McGregor
0%
Fanny Ardant
0%
Faye Dunaway
0%
Fernando Rey
0%
F. Murray Abraham
0%
Gary Cooper
0%
Geena Davis
0%
Geoffrey Rush
0%
George C. Scott
0%
Giulietta Masina
0%
Gloria Swanson
0%
Gregory Peck
0%
Greta Garbo
0%
Guy Pearce
0%
Gwyneth Paltrow
0%
Harvey Keitel
0%
Helena Bonham Carter
0%
Henry Fonda
0%
Hilary Swank
0%
Holly Hunter
0%
Hugo Weaving
0%
Ingrid Bergman
0%
Ingrid Thulin
0%
Jack Lemmon
0%
Jacqueline Bisset
0%
Jacques Gamblin
0%
James Caan
0%
James Cagney
0%
James Coburn
0%
James Gandolfini
0%
James Woods
0%
Jane Fonda
0%
Jean Carmet
0%
Jean-Louis Trintignant
0%
Jeanne Moreau
0%
Jean-Pierre Cassel
0%
Jean-Pierre Léaud
0%
Jean Reno
0%
Jet Li
0%
Joan Crawford
0%
John Cazale
0%
John Hurt
0%
John Malkovich
0%
John Turturro
0%
Jon Voight
0%
Josh Brolin
0%
Judi Dench
0%
Judy Davis
0%
Judy Garland
0%
Julie Andrews
0%
Kelly Macdonald
0%
Kirk Douglas
0%
Lauren Bacall
0%
Leïla Bekhti
0%
Liv Ullmann
0%
Maggie Smith
0%
Marie Dubois
0%
Maximilian Schell
0%
Melvil Poupaud
0%
Mia Farrow
0%
Michèle Morgan
0%
Michel Serrault
0%
Montgomery Clift
0%
Muriel Robin
0%
Olivia de Havilland
0%
Orson Welles
0%
Patrick Swayze
0%
Paulette Goddard
0%
Paul Meurisse
0%
Paul Newman
0%
Peter Lorre
0%
Philip Seymour Hoffman
0%
Pierre Fresnay
0%
Rachel Weisz
0%
Renée Zellweger
0%
Robert Duvall
0%
Roberto Benigni
0%
Robert Redford
0%
Robin Wright
0%
Roger Moore
0%
Rooney Mara
0%
Samy Naceri
0%
Sandrine Bonnaire
0%
Simon Pegg
0%
Sissy Spacek
0%
Song Kang-ho
0%
Sophia Loren
0%
Spencer Tracy
0%
Stellan Skarsgård
0%
Steve Buscemi
0%
Suzanne Clément
0%
Tahar Rahim
0%
Takashi Shimura
0%
Tatsuya Nakadai
0%
Tilda Swinton
0%
Tim Robbins
0%
Tim Roth
0%
Tom Sizemore
0%
Toshirō Mifune
0%
Ugo Tognazzi
0%
Vanessa Redgrave
0%
Viggo Mortensen
0%
Vincent Perez
0%
Vivien Leigh
0%
Woody Harrelson
0%
Aucun quiz correspondant
Distribution des résultats
% des personnes avec chaque résultat
Percentile par nombre de réponses
Votre historique - résultats
Vous n’avez pas pris ce quiz depuis la dernière actualisation